000 00425nam a2200169Ia 4500
008 240729s9999 xx 000 0 und d
022 _a2220-5799
245 0 _aAnaesthesia, Pain & Intensive Care
260 _aPakistan
260 _bTHK
650 _a Anesthesiology
650 _a Surgery
650 _aMedicine
856 _uhttps://doaj.org/toc/e5393fea4b9641c7b8e42ef7fe81bba1
942 _2ddc
942 _cDOAJEJ
999 _c68753
_d68753
945 _a1
_bMadushi Gamage
_c1
_dMadushi Gamage